|
|
|
|
| LEADER |
00607cam a2200193 a 4500 |
| 001 |
0000065055 |
| 005 |
20100323090000.0 |
| 040 |
|
|
|a mod
|
| 041 |
|
|
|a eng
|
| 090 |
0 |
0 |
|a 959.5054
|b ANU
|e 2001
|
| 100 |
0 |
0 |
|a Anual Bakri Haji Haron
|
| 245 |
1 |
0 |
|a Mendekati pemikiran Islam Dr. Mahathir
|
| 260 |
0 |
0 |
|a Kelantan
|b Pustaka Qamar
|c 2001
|
| 300 |
0 |
0 |
|a xiii 178 p.
|c 21 cm.
|
| 600 |
0 |
0 |
|a Mahathir Mohamad
|f Dato' Seri, 1925
|x Views on Islam.
|
| 651 |
0 |
0 |
|a Malaysia
|x Politics and government
|
| 700 |
1 |
1 |
|a Kamarul Zaman Haji Yusoff.
|
| 852 |
0 |
0 |
|a 01
|
| 999 |
|
|
|a 0210907
|b KEMENTAH
|d BOOKS
|e Umum
|f Perpustakaan KEMENTAH
|j AVAILABLE
|q GOOD CONDITION
|